000 00683nmm a2200205Ia 4500
008 251105s9999||||xx |||||||||||||||||und||
020 _a9788436952711
041 _aspa
100 _aGuereña, Jean-Louis
245 0 _aNuevas miradas historiográficas sobre la educación en la España de los siglos XIX y XX
264 _a[Madrid, España] :
_bMinisterio de Educación, Cultura y Deporte de España,
_c2012
300 _a446 páginas
490 _aInvestigación
650 _aEducation
700 _aGuereña, Jean-Louis
700 1 _a Ruiz Berrio, Julio
700 1 _a Tiana Ferrer, Alejandro
856 _uhttps://public.digitaliapublishing.com/a/17622
942 _cCF
999 _c66536
_d66536